000 01094cam a22003257a 4500
003 CHAP
005 20220817041814.0
008 971013s1974 r 00010 d
010 _a25072
011 _a26044
035 _a30144
040 _cCHAP
082 _a080
_bS4 v.156
100 0 0 _aHanke, Lewis.
_952529
245 1 3 _aEl prejuicio racial en el nuevo mundo; Aristóteles y los indios de Hispanoamérica
260 _aMéxico, D.F. :
_bSecretaría de Educación Pública,
_c1974
300 _a207 p.
_b: ilus.
490 0 _aSEP. Setentas
_v; 156
590 _aBATCH-UPD
_b10
_c20130110
_lUCH01
_h0926
590 _aBATCH-UPD
_b10
_c20130410
_lUCH01
_h0546
590 _aBATCH-UPD
_b10
_c20130914
_lUCH01
_h0946
590 _aCONVERSION
_b10
_c20130109
_lUCH01
_h1315
650 1 4 _aClases sociales.
_923673
650 1 4 _aIndios de América.
_957580
830 0 _aSEP. Setentas
_v; 156
901 _aBK
942 _cLIBRO
949 _a080 S4 v.156
_bBC
_cLIBRO
_d33724000307005
_eLIBRO
_h31675
_i30144
_mD
_si
949 _a080 S4 v.156
_bBC
_cLIBRO
_d33724000309977
_eLIBRO
_fc.2
_h32219
_i30144
_si
999 _c25072
_d25072